Analýza a optimalizácia informačného systému podľa princípov SOA diplomová práca

Guardado en:
Detalles Bibliográficos
Autor principal: Beňáková, Jana
Autor Corporativo: Fakulta hospodárskej informatiky EU. Katedra aplikovanej informatiky
Otros Autores: Škurla, Peter
Formato: Libro
Lenguaje:eslovaco
Publicado: Bratislava 2014
Etiquetas: Agregar Etiqueta
Sin Etiquetas, Sea el primero en etiquetar este registro!

MARC

LEADER 00000nbm a2200000 4500
001 0188553
005 20170201104210.6
041 0 |a slo 
044 |a SK 
245 1 0 |a Analýza a optimalizácia informačného systému podľa princípov SOA  |b diplomová práca  |c Jana Beňáková ; školiteľ: Peter Škurla 
264 1 |a Bratislava  |c 2014 
300 |a 65 s. 
100 1 |a Beňáková, Jana 
700 1 |a Škurla, Peter 
710 2 |a Fakulta hospodárskej informatiky EU. Katedra aplikovanej informatiky